Country or not? #2 - Statistics

General Stats
  • This quiz has been taken 35 times
  • The average score is 14 of 15
Answer Stats
Hint # of countries in the list % Correct
Canada, Ottawa, USA, Denmark 3
100%
Brunei, Cambodia, Finland, Helsinki 3
97%
Chicago, Oslo, Moscow, Guadalajara 0
93%
Monterrey, Montevideo, Caracas, Lima 0
93%
Nile, Western Sahara, Morocco, Meditteranean 1
93%
Pacific, Atlantic, Antarctica, South Africa 1
93%
Delhi, Mumbai, Kolkata, Sri Lanka 1
93%
Peru, Paraguay, Madeira, Canary 2
93%
Japan, Tokyo, Nagasaki, Kazakhstan 2
93%
Arctic, Southern, Malta, Maldives 2
93%
Australia, New Zealand, British Virgin Islands, US Virgin Islands 2
93%
Moldova, Dakar, India, Ganges 2
93%
St. Lucia, Dominica, Jamaica, Trinidad and Tobago 4
93%
Vermont, Mexico, Russia, Uzbekistan 3
90%
California, Indonesia, Malaysia, Singapore 3
90%
No matching quizzes found
Score Distribution
Percent of People with Each Score
Percentile by Number Answered
Your Score History
You have not taken this quiz